000 00207nam a2200085Ia 4500
008 120527s9999 xx 000 0 und d
100 _aHarris & Berk
245 _aInfants, Children and Adolescents
942 _cBK
999 _c27462
_d27462